Στο γέμισμα του φεγγαριού : τραγούδια και σκοποί απο την Κύθνο

Saved in:
Bibliographic Details
Other Authors: Καραβάνης, Αλέξανδρος Ε. (Editor)
Format: Book
Language:Greek
Published: Αθήνα : Μελωδικό καράβι, 2003.
Subjects:
Tags: Add Tag
No Tags, Be the first to tag this record!

MARC

LEADER 00000cam a2200000 i 4500
001 1/89017
008 051114s2003 gr | ||| |||| ||gre||
020 |a 9608685397 
035 |l 10081222 
040 |a GR-MyUA  |b gre  |e AACR2 
041 0 |a gre 
082 0 |a 888.86  |2 (22) 
245 0 0 |a Στο γέμισμα του φεγγαριού :   |b τραγούδια και σκοποί απο την Κύθνο /   |c επιμέλεια έκδοσης Αλέξανδρος Καραβάνης.  
260 |a Αθήνα :   |b Μελωδικό καράβι,   |c 2003.  
300 |a 115 σ. :   |b εικ. ;   |c 16 εκ.+   |e 2 δίσκοι κόμπακτ 4 3/4 ιν.  
650 0 |a Folk music  |z Greece  |z Kythnos (Municipality) 
650 0 |a Songs, Greek  |z Greece  |z Kythnos (Municipality) 
700 1 |a Καραβάνης, Αλέξανδρος Ε.  |e edt 
852 |a INST  |b SAMOS  |e 20051114  |h 888.86 ΓΕΜ  |p 005300023168  |q 005300023168  |t BK  |y 0 
852 |a INST  |b SAMOS  |e 20051114  |h 888.86 ΓΕΜ  |p 005300023165  |q 005300023165  |t BK  |y 0 
852 |a INST  |b SAMOS  |e 20051114  |h 888.86 ΓΕΜ  |p 005300023166  |q 005300023166  |t BK  |y 0 
901 |a BIBL3-2005-3 
909 |a Σ  |b 107486 
922 |a 3ΕΛΗ  |b 200406  |c ΕΠΕΑΕΚ/ΤΜΠΕΣ 
970 |a ΜΑΛΑΓΑΡΗ  |b ΦΩΤΕΙΝΗ  |z 2005/11/14